Winds of doctrines : the origin and development of Southern Baptist theology /

Bibliographic Details
Main Author: Richards, W. Wiley, 1932-
Format: Book
Language:English
Published: Lanham, Md. : University Press of America, [1991]
Subjects:

MARC

Tag First Indicator Second Indicator Subfields
LEADER 00000cam a2200000 a 4500
001 in00001069703
005 20150929101544.0
008 910225s1991 mdu b 001 0 eng
010 |a  91002780  
020 |a 0819182540 (alk. paper) 
020 |a 0819182559 (pbk. : alk. paper) 
035 |a (OCoLC)23254169 
035 |9 AFP2007AM 
040 |a DLC  |c DLC  |d TXA  |d UtOrBLW 
043 |a n-us--- 
049 |a TXAM 
050 0 0 |a BX6462.7  |b .R53 1991 
082 0 0 |a 230/.6132/09  |2 20 
100 1 |a Richards, W. Wiley,  |d 1932- 
245 1 0 |a Winds of doctrines :  |b the origin and development of Southern Baptist theology /  |c W. Wiley Richards. 
264 1 |a Lanham, Md. :  |b University Press of America,  |c [1991] 
264 4 |c ©1991 
300 |a xiii, 229 pages ;  |c 24 cm. 
336 |a text  |b txt  |2 rdacontent 
337 |a unmediated  |b n  |2 rdamedia 
338 |a volume  |b nc  |2 rdacarrier 
504 |a Includes bibliographical references and index. 
610 2 0 |a Southern Baptist Convention  |x Doctrines  |x History. 
650 0 |a Baptists  |z United States  |x Doctrines  |x History  |y 19th century. 
650 0 |a Baptists  |z United States  |x Doctrines  |x History  |y 20th century. 
999 |a MARS 
999 f f |s affce2b3-2beb-393b-bc3f-b57c1950d033  |i 17d45aab-805d-3a22-b255-3023a9ed294c  |t 0 
952 f f |p ric  |a Texas A&M University  |b Rellis Campus  |c Joint Library Facility  |d Remote Storage  |t 0  |e BX6462.7 .R53 1991  |h Library of Congress classification  |i unmediated -- volume  |m A14815655752 
998 f f |a BX6462.7 .R53 1991  |t 0  |l Remote Storage